000 00564pam a2200217 a 4500
001 3295742
005 20180307034354.0
008 830706s1983 ctua b 001 0 eng
010 _a 83009186
020 _a0870554166 :
_c$22.00
040 _aDLC
_cDLC
_dDLC
041 _aeng
080 _a641.300154 LEE
082 0 0 _a641.300154 LEE
_219
100 1 _a12
101 _aKIM
245 1 0 _aBasic food chemistry /
_cFrank A. Lee.
504 _aIncludes bibliographies and index.
906 _a7
_bcbc
_corignew
_d1
_eocip
_f19
_gy-gencatlg
942 _2ddc
_cBK
999 _c44258
_d44258